Daňová politika a jej vplyv na kreovanie podnikateľského prostredia (teoretické východiská)
Dane sú jedným zo základných nástrojov vlády na ovplyvňovanie súkromnej (podnikateľskej) ako aj verejnej ekonomickej činnosti. Vybrané aspekty daňovej politiky Európskej únie. Daňová harmonizácia a daňová konkurencia. Otázka optimálneho daňového systému.
Salvato in:
| Autore principale: | |
|---|---|
| Altri autori: | |
| Natura: | Capitolo di libro |
| Lingua: | slovacco |
| Soggetti: | |
| Tags: |
Nessun Tag, puoi essere il primo ad aggiungerne!!
|
MARC
| LEADER | 00000nla a2200000 4500 | ||
|---|---|---|---|
| 001 | 0247707 | ||
| 005 | 20240417075145.5 | ||
| 041 | 0 | |a slo | |
| 044 | |a CZ | ||
| 245 | 1 | 0 | |a Daňová politika a jej vplyv na kreovanie podnikateľského prostredia (teoretické východiská) |c Karolína Červená, Karin Cakoci |
| 520 | |a Dane sú jedným zo základných nástrojov vlády na ovplyvňovanie súkromnej (podnikateľskej) ako aj verejnej ekonomickej činnosti. Vybrané aspekty daňovej politiky Európskej únie. Daňová harmonizácia a daňová konkurencia. Otázka optimálneho daňového systému. | ||
| 610 | 2 | 0 | |a politika daňová |
| 610 | 2 | 0 | |a dane z príjmov |
| 610 | 2 | 0 | |a sadzby daňové |
| 610 | 2 | 0 | |a harmonizácia |
| 610 | 2 | 0 | |a konkurencia |
| 610 | 2 | 0 | |a rast hospodársky |
| 610 | 2 | 0 | |a prostredie podnikateľské |
| 610 | 2 | 0 | |a Európska únia |
| 100 | 1 | |a Červená, Karolína | |
| 700 | 1 | |a Cakoci, Karin | |